[Event "GER-chT U14 Girls"]
[Site "Gross Doelln"]
[Date "2010.12.29"]
[Round "5.3"]
[White "Halle, Julia"]
[Black "Gloeckner, Helene"]
[Result "1-0"]
[WhiteElo "1152"]
[BlackElo "1106"]
[PlyCount "39"]
[EventDate "2010.12.27"]
[EventType "team-swiss"]
[EventRounds "7"]
[EventCountry "GER"]
[SourceTitle "CBM 140 Extra"]
[Source "ChessBase"]
[SourceDate "2011.03.01"]
[SourceVersion "1"]
[SourceVersionDate "2011.03.01"]
[SourceQuality "1"]
[WhiteTeam "Burgtonna"]
[BlackTeam "Jena Schott"]
[WhiteTeamCountry "GER"]
[BlackTeamCountry "GER"]

1. e4 e5 2. Nf3 Nc6 3. Bc4 Bc5 4. c3 Nf6 5. d4 exd4 6. cxd4 Bb4+ 7. Bd2 Bxd2+ 8. Nbxd2 d5 9. exd5 Nxd5 10. 0-0 0-0 11. Re1 Bg4 12. Qb3 Nb6 13. Ne5 Nxc4 14. Qxc4 Nxe5 15. Rxe5 Qd6 16. Rae1 Qb6 17. Nb3 Rad8 18. Re7 Rd7 19. Re8 Rd8 20. Qxf7+ 1-0